Cartas del verano de 1926 / (Record no. 183103)

MARC details
000 -LEADER
campo de control de longitud fija 01334nam a22003135i 4500
001 - NÚMERO DE CONTROL
campo de control 183103
003 - IDENTIFICADOR DE NÚMERO DE CONTROL
campo de control ES-MaACL
005 - FECHA Y HORA DE LA ÚLTIMA TRANSACCIÓN
campo de control 20260426162626.0
008 - DATOS DE LONGITUD FIJA--INFORMACIÓN GENERAL
campo de control de longitud fija 140116s1993 sp | |||| ||spa d
020 ## - NÚMERO INTERNACIONAL ESTÁNDAR DEL LIBRO
Número Internacional Estándar del Libro 84-397-1887-X
080 ## - NÚMERO DE LA CLASIFICACIÓN DECIMAL UNIVERSAL
Número de la Clasificación Decimal Universal 929 Pasternak, Boris
080 ## - NÚMERO DE LA CLASIFICACIÓN DECIMAL UNIVERSAL
Número de la Clasificación Decimal Universal 929 Rilke, Rainer Maria
080 ## - NÚMERO DE LA CLASIFICACIÓN DECIMAL UNIVERSAL
Número de la Clasificación Decimal Universal 929 Tsvetaeva, Marina Ivanovna
100 1# - ENTRADA PRINCIPAL--NOMBRE DE PERSONA
Nombre de persona Pasternak, Boris Leonidovich.
9 (RLIN) 89464
245 10 - MENCIÓN DEL TÍTULO
Título Cartas del verano de 1926 /
Mención de responsabilidad, etc. Borís Pasternak, Rainer Maria Rilke, Marina Tsvietáieva ; introducción, recopilación y notas de K.M. Azadovski, Elena Pasternak y Evgueni Pasternak ; traducción de Selma Ancira ; versión de los poemas en ruso de Tatiana Bubnova.
260 ## - PUBLICACIÓN, DISTRIBUCIÓN, ETC.
Lugar de publicación, distribución, etc. Barcelona :
Nombre del editor, distribuidor, etc. Mondadori,
Fecha de publicación, distribución, etc. [1993]
300 ## - DESCRIPCIÓN FÍSICA
Extensión 347 p., [8] p. de lám. ;
Dimensiones 20 cm.
490 1# - MENCIÓN DE SERIE
Mención de serie El espejo de tinta. Serie Vidas privadas
700 11 - ENTRADA AGREGADA--NOMBRE PERSONAL
Nombre de persona Bubnova, Tatiana.
9 (RLIN) 32270
700 1# - ENTRADA AGREGADA--NOMBRE PERSONAL
Nombre de persona Rilke, Rainer Maria,
Fechas asociadas al nombre 1875-1926
9 (RLIN) 97230
700 0# - ENTRADA AGREGADA--NOMBRE PERSONAL
Nombre de persona Tsvetaeva, Marina Ivanovna,
Fechas asociadas al nombre 1892-1941
9 (RLIN) 111614
700 1# - ENTRADA AGREGADA--NOMBRE PERSONAL
Nombre de persona Azadovski, Konstantin,
Fechas asociadas al nombre 1941-
9 (RLIN) 154211
700 1# - ENTRADA AGREGADA--NOMBRE PERSONAL
Nombre de persona Pasternak, Elena.
9 (RLIN) 154212
700 1# - ENTRADA AGREGADA--NOMBRE PERSONAL
Nombre de persona Pasternak, Evgueni.
9 (RLIN) 154213
700 1# - ENTRADA AGREGADA--NOMBRE PERSONAL
Nombre de persona Ancira, Selma,
Fechas asociadas al nombre 1956-
9 (RLIN) 21408
830 0# - PUNTO DE ACCESO ADICIONAL DE SERIE-TÍTULO UNIFORME
Título uniforme El espejo de tinta. Serie Vidas privadas
9 (RLIN) 224938
852 ## - LOCALIZACIÓN
Ubicación ES-MaACL
Número de control de estantería L-29920
Nota libre .- Donat. Miguel A. Velasco
Holdings
Estatus retirado Estado de pérdida Estado de daño No para préstamo Biblioteca de origen Biblioteca actual Ubicación en estantería Fecha de adquisición Fuente de adquisición Total de préstamos Signatura topográfica completa Código de barras Visto por última vez Precio de reemplazo Tipo de ítem Koha
        Biblioteca del Ateneo de Madrid Biblioteca del Ateneo de Madrid Depósito 2 16/01/2014     L-29920 1192442 23/02/2023 23/02/2023 Libro impreso